| 000 | 01453nam a22002417a 4500 | ||
|---|---|---|---|
| 003 | AR-RoUNCS | ||
| 005 | 20260511150004.0 | ||
| 007 | ta | ||
| 008 | 260511s1980 sp |||||r|||| 00| 1 spa d | ||
| 020 | _a8402067050 | ||
| 040 |
_aAR-RoUNCS _bspa _cAR-RoUNCS |
||
| 041 | _aspa | ||
| 100 | 1 |
_aGarcía Márquez, Gabriel, _d1927-2014 _eautor |
|
| 245 | 1 | 3 |
_aEl otoño del patriarca / _cGabriel García Márquez. |
| 250 | _a1a ed. | ||
| 260 |
_aBarcelona : _bBruguera, _c1980. |
||
| 300 |
_a344 p. ; _c18 cm. |
||
| 490 | 0 |
_aColección de Literatura Universal Bruguera ; _v3 |
|
| 520 | _aGarcía Márquez construyó en El otoño del patriarca una maquinaria narrativa perfecta que desgrana una historia universal -la agonía y muerte de un dictador- en forma cíclica, experimental y real al mismo tiempo, en seis bloques narrativos sin diálogos, sin puntos y aparte, repitiendo una anécdota siempre igual y siempre distinta, acumulando hechos y descripciones deslumbrantes. Novela escrita en Barcelona entre 1968 y 1975, El otoño del patriarca deja asomar en su trasfondo el acontecimiento más importante de la historia española de aquellos años, la muerte del general Franco, aunque su contexto y estilo sean, como siempre con García Márquez, el de la asombrosa realidad latinoamericana, que el autor ha elevado una vez más a la dignidad del mito. | ||
| 650 | 7 |
_2embne _aLiteratura colombiana |
|
| 655 | 7 |
_2embne _aNovelas |
|
| 942 |
_2udc _cOG _n0 |
||
| 999 |
_c1008 _d1008 |
||